Littérature / (Record no. 187818)

MARC details
000 -LEADER
campo de control de longitud fija 00600nam a2200181 i 4500
001 - NÚMERO DE CONTROL
campo de control 187818
003 - IDENTIFICADOR DE NÚMERO DE CONTROL
campo de control SpMaBN
005 - FECHA Y HORA DE LA ÚLTIMA TRANSACCIÓN
campo de control 20260610142500.0
008 - DATOS DE LONGITUD FIJA--INFORMACIÓN GENERAL
campo de control de longitud fija 180309s1930 fr p |||| | fre d
100 1# - ENTRADA PRINCIPAL--NOMBRE DE PERSONA
Nombre de persona Valéry, Paul,
Fechas asociadas al nombre 1871-1945
9 (RLIN) 243197
245 10 - MENCIÓN DEL TÍTULO
Título Littérature /
Mención de responsabilidad, etc. Paul Valéry.
260 ## - PUBLICACIÓN, DISTRIBUCIÓN, ETC.
Lugar de publicación, distribución, etc. [Paris] :
Nombre del editor, distribuidor, etc. Librairie Gallimard,
Fecha de publicación, distribución, etc. 1930.
300 ## - DESCRIPCIÓN FÍSICA
Extensión 128 p. ;
Dimensiones 19 cm.
650 ## - PUNTO DE ACCESO ADICIONAL DE MATERIA--TÉRMINO DE MATERIA
Término de materia o nombre geográfico como elemento de entrada Literatura-
Subdivisión general Filosofía.
9 (RLIN) 14488
650 #7 - PUNTO DE ACCESO ADICIONAL DE MATERIA--TÉRMINO DE MATERIA
Término de materia o nombre geográfico como elemento de entrada Estética literaria
Fuente del encabezamiento o término embne
9 (RLIN) 12544
852 ## - LOCALIZACIÓN
Ubicación ES-MaACL
Número de control de estantería L-31881
Nota libre . - Donat. herederos de la bibl. de Mª del Pilar Costa Palacín
Holdings
Estatus retirado Estado de pérdida Estado de daño No para préstamo Biblioteca de origen Biblioteca actual Ubicación en estantería Fecha de adquisición Fuente de adquisición Total de préstamos Signatura topográfica completa Código de barras Visto por última vez Precio de reemplazo Tipo de ítem Koha
        Biblioteca del Ateneo de Madrid Biblioteca del Ateneo de Madrid Depósito 2 09/03/2018     L-31881 1198449 23/02/2023 23/02/2023 Libro impreso